000 00738nam a2200217Ia 4500
003 GCL
008 140319s9999 xx 000 0 ara d
040 _aGCL /
_cGCL
082 0 4 _a814.025
_bب م
100 1 _aبديع الزمان الهمذانى، احمد بن
245 1 0 _aمقامات بديع الزمان الهمذانى /
_cبديع الزمان الهمذانى، احمد بن
700 1 _aعلى بوملحم (مقدم وتاريخ)
260 _a[S.N] :
_bدار مكتبةالهلال ،
_c1993
300 _a214
490 _a
650 0 4 _aالادب العربى
650 0 4 _aالنثر العربى
650 0 4 _aاللغة العربية
650 0 4 _aالمقامات العربية
942 _2ddc
_cBK
999 _c54198
_d54198